000 01932nam0a2200397 i 4500
001 RU\NLR\BIBL_A\010011622
005 20241101004017.0
010 _a9785930787962
_91000
021 _aRU
_b2013-86255
_95965
035 _a(NILC)RuMoRGB-006685020
035 _a(NLR Aleph) 010011622
090 _a9857210
_c9857210
100 _a20131206d2013 km y0rusy50 ca
101 0 _arus
_deng
102 _aRU
105 _aac||7|||001yy
200 1 _aДиагностика психического развития детей: визуальный ракурс
_dDiagnostics of psychological development of children: visual foreshortening
_eучебно-методическое пособие
_fС.В. Недбаева
_zeng
210 _aСтаврополь
_aСервисшкола
_aАрмавир
_cАСПИ
_d2013
215 _a198, [4] с., [13] л. цв. ил.
_cил.
_d21
225 1 _aСерия "Психологические практики в российском образовании"
300 _aАвт. также на англ. яз.: S.V. Nedbaeva
300 _aРез. на англ. яз.
320 _aБиблиогр.: с. 196-198
510 1 _6z77790
_aDiagnostics of psychological development of children: visual foreshortening
_zeng
606 1 _aДети
_jУчебно-методические пособия
_xПсихическое развитие
_xДиагностика
_92130874
_3RU\NLR\AUTH\661285547
675 _a159.922.7.07
686 1 _aЮ983.5в.я7
700 1 _aНедбаева
_bС. В.
_gСветлана Викторовна
_9136073
_3RU\NLR\AUTH\770136108
790 1 _7ba
_8rus
_aNedbaeva
_bS. V.
_gSvetlana Viktorovna
_9136077
_3RU\NLR\AUTH\770136112
801 0 _aRU
_bRuMoRKP
_c20131024
_gRCR
801 2 _aRU
_bРГБ
_c20131108
_grcr
801 1 _aRU
_bRuMoRKP
_c20131024
_2rusmarc
942 _cBOOK
980 _aNBR